000 00303nam a22000977a 4500
008 150730b xxu||||| |||| 00| 0 eng d
010 _8HCCRSARF:040
245 _aHIGH COURT CRIMINAL SESSION NO. 156 OF 1991 Uganda Vs Fred Luwaga
260 _aHigh Court Kampala
500 _3BEFORE: Hon. Mr. Justice M. Kireju
999 _c8352
_d8352